000 00266nam a22001217a 4500
008 171017b xxu||||| |||| 00| 0 eng d
041 _aeng
080 _a330.101.542
100 _a52
101 _aMIK
245 _aSOME MICROECONOMIC
_cMAYNARD.J
942 _2udc
_cBK
999 _c34401
_d34401